Biblioteca

A southern baptist response (Registro nro. 70278)

Detalles MARC
000 -LÍDER
Campo fijo de descripción fija 01234nab a2200241 i 4500
001 - NÚMERO DE CONTROL
Campo de control 768714001
003 - IDENTIFICADOR DEL NÚMERO DE CONTROL
Campo de control CO-MdFUSB
005 - FECHA Y HORA DE LA ULTIMA TRANSACCIÓN
control field 20240619144924.0
008 - ELEMENTOS DE LONGITUD FIJA -- INFORMACIÓN GENERAL
Campo fijo de descripción fija -- Información general 240619t1981 us ||||| |||| 00| 0 eng d
040 ## - FUENTE DE CATALOGACIÓN
Idioma de catalogación spa
Agencia que realiza la transcripción CO-MdFUSB
Agencia que realiza la modificación CO-MdFUSB
041 ## - CÓDIGO DE IDIOMA
Código de idioma para texto/pista de sonido o título separado eng
100 ## - ASIENTO PRINCIPAL--NOMBRE PERSONAL
Nombre personal Chaney, Charles L.,
Fechas asociadas con el nombre 1934-
Término relacionador autor
245 ## - TÍTULO
Título A southern baptist response
Mención de responsabilidad / Charles L. Chaney
520 ## - NOTA DE RESUMEN, ETC.
Nota de sumario, etc. Este artículo hace referencia a la Conferencia Mundial sobre Misión y Evangelio, celebrada en Melbourne en 1980.<br/>El autor expresa que es un gran desafío en términos de lo que se entiende por obra misional. Si bien declaraciones dispersas apoyaron la necesidad de la iglesia de llamar a la gente al arrepentimiento y la fe, parecían comentarios casi superficiales para apaciguar a los piadosos antes de abordar los temas realmente importantes.
546 ## - NOTA DE IDIOMA
Nota de idioma Texto en inglés.
650 #0 - ASIENTO SECUNDARIO DE MATERIA - TERMINO TEMÁTICO
Término temático o nombre geográfico como elemento de entrada Evangelización
9 (RLIN) 362
650 #7 - ASIENTO SECUNDARIO DE MATERIA - TERMINO TEMÁTICO
Término temático o nombre geográfico como elemento de entrada Misioneros
9 (RLIN) 931
650 #0 - ASIENTO SECUNDARIO DE MATERIA - TERMINO TEMÁTICO
Término temático o nombre geográfico como elemento de entrada Misiones
9 (RLIN) 154
650 #7 - ASIENTO SECUNDARIO DE MATERIA - TERMINO TEMÁTICO
Término temático o nombre geográfico como elemento de entrada Teología pastoral y unidad cristiana
9 (RLIN) 7183
773 0# - ASIENTO DE ITEM FUENTE
Biblionumber 49486
Itemnumber 61106
Lugar, editorial y fecha de publicación Pasadena
Otro identificador del ítem R0875
Título Missiology:
Número de control del registro (CO-MdFUSB)97
Parte(s) relacionada(s) / Volumen., número. (mes año), páginas Volumen 9, (número 1, 1981) páginas: 37 - 40
Enumeración y primera página página: 37
942 ## - TIPO DE MATERIAL (KOHA)
Tipo de Item KOHA Artículos de Revista
945 ## - INFORMACIÓN LOCAL DEL REGISTRO
Catalogador Catherine Arias Álvarez - Practicante SENA

No hay ítems disponibles.

Biblioteca FUSBC | Teléfono: (57+4) 349 88 10 Ext. 141| WhatsApp (+57) 3005338115 
E-mail: biblioteca@unisbc.edu.co | Calle 76 87-14 Robledo Palenque, Medellín, Colombia

Con tecnología Koha